Quiz sur la Coupe du monde de football - Statistiques

Statistiques générales
  • Ce quiz a été pris 1 582 fois
  • Le résultat moyen est 10 sur 30
Statistiques - réponses
Question Réponse % Correct
Quel est le pays le plus titré ? 5 titres Brésil
99%
Quel est le seul pays à avoir participé à toutes les Coupe du monde ? Depuis 1930 Brésil
98%
Quel est le pays qui a disputé le plus de finales ? 8 finales Allemagne
96%
Quel est le pays qui a disputé le plus de finales sans jamais avoir gagné la Coupe du monde ? 3 finales Pays-Bas
78%
Quel est le dernier pays organisateur à avoir remporté la Coupe du monde ? France
61%
La France (1998),l'Italie (2006) et l'Espagne (2010) ont gagné la Coupe du monde en encaissant combien de buts ? Record du plus petit nombre de buts encaissés pour un vainqueur 2
56%
Quel pays organisateur a réalisé la pire performance à domicile ? Elimination dès le 1er tour Afrique du Sud
44%
Quel pays a gagné la Coupe du monde en marquant le moins de buts ? 8 buts marqués Espagne
43%
Quels sont les deux pays qui se sont le plus affrontés en finale ? 3 finales Allemagne - Argentine
40%
Quel joueur brésilien est le plus jeune à avoir disputé une finale ? 17 ans et 249 jours en 1958 Pelé
35%
Quel est le joueur français qui a participé au plus grand nombre de Coupes du monde ? 4 (1998,2002,2006,2010) Thierry Henry
32%
Quel joueur français est le meilleur buteur de l'histoire sur une Coupe du monde ? 13 buts marqués en 1958 Just Fontaine
31%
Quel joueur allemand est le meilleur buteur de l'histoire de la Coupe du monde ? 16 buts marqués entre 2002 et 2014 Miroslav Klose
30%
Quel pays a été le plus souvent confronté aux tirs au but ? 5 fois (1990,1990,1998,2006,2014) Argentine
28%
La finale Brésil - Suède de 1958 possède le record du plus grand nombre de buts inscrits en finale. Quel était le score ? 5-2
26%
Quel pays a marqué le plus de buts sur une Coupe du monde ? 27 buts marqués en 1954 Hongrie
26%
En quelle année eut lieu la seule finale où le score était de 0-0 à la fin du match ? 1994
24%
Quel gardien de but français possède le record du plus grand nombre de matchs sans encaisser de but 10 matchs sans encaisser de buts (record partagé avec l'Anglais Peter Shilton) Fabien Barthez
22%
L'Equipe de France a réussi à terminer deux Coupes du monde en étant invaincue. Quelles étaient ces éditions ? 1998 et 2006
20%
Quel joueur camerounais est le plus âgé à avoir marqué un but en Coupe du monde ? Lors de la Coupe du monde 1994 Roger Milla
19%
Quel joueur allemand possède le record du plus grand nombre de matchs disputés en Coupe du monde ? 25 matchs entre 1982 et 1998 Lothar Matthäus
18%
Quel est le seul pays à n'avoir encaissé aucun but sur une Coupe du monde ? 0 but encaissé en 2006 Suisse
16%
Le match Autriche - Suisse de 1954 possède le record du plus grand nombre de buts inscrit en un match. Quel était le score ? 7-5
14%
Quel joueur italien est le plus âgé à avoir disputé une finale ? 40 ans et 133 jours en 1982 Dino Zoff
14%
Quel pays a connu le plus grand nombre de défaites toutes éditions confondues ? 25 défaites Mexique
13%
Avec une moyenne de 5,38 buts par matchs,quelle Coupe du monde a été la plus prolifiques en buts ? 1954
9%
Quel Brésilien possède le record du plus grand nombre de Coupes du monde remportées en tant que joueur puis entraîneur ? Vainqueur en 1958,1962 (joueur) et 1970 (entraîneur) Mario Zagallo
8%
Quel joueur anglais est le seule joueur à avoir marqué un triplé en finale de Coupe du monde ? Lors de la finale en 1966 Geoff Hurst
5%
Quel joueur français a inscrit le premier but de l'histoire de la Coupe du monde ? But inscrit en 1930 lors de France - Mexique Lucien Laurent
5%
Quel entraîneur italien est le seul à avoir remporté deux fois la Coupe du monde ? Vainqueur en 1934 et 1938 Vittorio Pozzo
1%
Aucun quiz correspondant
Distribution des résultats
% des personnes avec chaque résultat
Percentile par nombre de réponses
Votre historique - résultats
Vous n’avez pas pris ce quiz